Obra crítica / Joaquim Molas
Descripción Física:
513 p. ; 18 cm
Colección:
Clàssics catalans del segle XX
MARC
| LEADER | 00000nam a2200000Ia 4500 | ||
|---|---|---|---|
| 001 | 12506 | ||
| 008 | 160829s1999 xx 000 0 cat d | ||
| 080 | |a L-1-123 | ||
| 100 | |a Molas, Joaquim, |d 1930-2015 |9 37692 | ||
| 245 | |a Obra crítica / Joaquim Molas | ||
| 260 | |a Barcelona : |b Edicions 62, |c 1999 | ||
| 300 | |a 513 p. ; |c 18 cm | ||
| 490 | |a Clàssics catalans del segle XX | ||
| 590 | |a Aquest volum conté dos llibres: 'L'ofici de llegir' i 'Subjectes i complements' | ||
| 650 | |a Literatura catalana |x S. XX |x Història i crítica |9 38420 | ||
| 866 | |a 2 | ||
| 901 | |a Arxiu | ||
| 942 | |n 1 | ||
| 952 | |0 0 |1 0 |4 0 |6 L1123 |7 1 |9 48412 |a Arxiu |b Arxiu |d 2016-12-01 |l 0 |o L-1-123 |p 12506 |r 2016-12-01 00:00:00 |w 2016-12-01 |y ARXIU | ||
| 999 | |c 52240 |d 52240 | ||